A fiatalok vállalkozóvá válásának akadályai

Bibliográfiai részletek
Szerző: Svarsnig Roland
További közreműködők: Győri Dr. Zsuzsanna
Dokumentumtípus: Diplomadolgozat
Kulcsszavak:Vállalkozás
Fiatalok
Pályázat
Online Access:http://dolgozattar.uni-bge.hu/22102

MARC

LEADER 00000nta a2200000 i 4500
001 dolg22102
005 20190516134943.0
008 190516suuuu hu om 000 hun d
040 |a BGE Dolgozattár Repozitórium  |b hun 
041 |a hu 
100 1 |a Svarsnig Roland 
245 1 2 |a A fiatalok vállalkozóvá válásának akadályai  |c Svarsnig Roland  |h [elektronikus dokumentum] 
695 |a Vállalkozás 
695 |a Fiatalok 
695 |a Pályázat 
700 1 |a Győri Dr. Zsuzsanna  |e ths 
856 4 0 |u http://dolgozattar.uni-bge.hu/22102/1/Szakdolgozat_Svarsnig%20Roland.pdf  |z Dokumentum-elérés